Finanční analýza v praxi. 1

Význam finančnej analýzy v podnikovej praxi. Výpočet základných finančných ukazovateľov zo súvahy. Problém ocenenia stálych aktív.

Salvato in:
Dettagli Bibliografici
Autore principale: Pelcl, L.
Natura: Capitolo di libro
Lingua:ceco
Soggetti:
Tags: Aggiungi Tag
Nessun Tag, puoi essere il primo ad aggiungerne!!

MARC

LEADER 00000naa a2200000 4500
001 r028229
005 20230913081310.1
041 0 |a cze 
044 |a CZ 
245 1 0 |a Finanční analýza v praxi. 1  |c L. Pelcl 
520 |a Význam finančnej analýzy v podnikovej praxi. Výpočet základných finančných ukazovateľov zo súvahy. Problém ocenenia stálych aktív. 
610 2 0 |a analýza finančná 
610 2 0 |a ukazovatele finančné 
610 2 0 |a podnikanie 
610 2 0 |a aktíva 
610 2 0 |a oceňovanie 
610 2 0 |a hospodárstvo podniku finančné 
610 2 0 |a financie podnikové 
100 1 |a Pelcl, L.